| 000 | 01002nam a2200277Ia 4500 | ||
|---|---|---|---|
| 003 | OSt | ||
| 005 | 20220923211148.0 | ||
| 006 | a|||||r|||| 00| 0 | ||
| 007 | ta | ||
| 008 | 220922b |||||||| |||| 00| 0 hin d | ||
| 020 |
_a8187482494 (hbk) _c130 |
||
| 024 | _a353,023 | ||
| 037 |
_bGV723, 11/03/2020, Vani Prakashan _cTextual |
||
| 040 |
_aARTS _cARTS _bhin |
||
| 041 |
_2hin _ahin |
||
| 082 | _aO152,6N451x, P4 | ||
| 100 |
_aआचार्य, नन्दकिशोर, ले. _9158943 |
||
| 245 | 0 | _aनाट्यानुभव | |
| 246 | _aNāṭyānubhava | ||
| 260 |
_aबीकानेर _b वाग्देवी प्रकाशन _c2004 |
||
| 300 |
_a143पृ. _ccm. |
||
| 650 |
_a हिन्दी साहित्य _9156264 |
||
| 650 | _aहिन्दी निबंध | ||
| 942 |
_hO152,6N451x, P4 _cTEXL _2CC |
||
| 999 |
_c296155 _d296155 |
||